Celebrity Shared Names II Quiz Stats

 Plays Quiz Updated May 9, 2018

Support Sporcle.
Go Orange.
Score 0/20 Timer 05:00
0 Plays Today
% Correct
Morgan (Tracy Morgan and Morgan Freeman)
93.9%
Perry (Katy Perry and Perry Como)
91.8%
George (Melissa George and George Clooney)
90.5%
James (LeBron James and James Corden)
89.1%
Michael (George Michael and Michael Keaton)
87.1%
Jackson (Janet Jackson and Jackson Pollock)
85.6%
Jordan (Michael Jordan and Jordan Peele)
84.3%
Anthony (Marc Anthony and Anthony Hopkins)
80.5%
David (Larry David and David Letterman)
79.1%
Drew (Sarah Drew and Drew Barrymore)
78.9%
% Correct
Fisher (Carrie Fisher and Fisher Stevens)
71.8%
Laurie (Hugh Laurie and Laurie Metcalf)
71.3%
Kendrick (Anna Kendrick and Kendrick Lamar)
69.2%
Bryan (Luke Bryan and Bryan Cranston)
64.4%
Carson (Ben Carson and Carson Daly)
61.5%
Ross (Diana Ross and Ross Lynch)
59.2%
Oliver (John Oliver and Oliver Hudson)
58%
Martin (Andrea Martin and Martin Freeman)
55.5%
Clark (Marcia Clark and Clark Gable)
54.3%
Harry (Debbie Harry and Harry Belafonte)
49.1%

You're not logged in!

Compare scores with friends on all Sporcle quizzes.
OR
Log In

From the Vault

Most Common Words in The Bible

by MrChewypoo

Once again, the unicorn didn't make it.
Remove Ads.
Support Sporcle.
Get the best of Sporcle when you Go Orange. This ad-free experience offers more features, more stats, and more fun while also helping to support Sporcle. Thank you for becoming a member.

Show Comments

Extras

Top Quizzes Today


Score Distribution

Your Account Isn't Verified!

In order to create a playlist on Sporcle, you need to verify the email address you used during registration. Go to your Sporcle Settings to finish the process.

Report this User

Report this user for behavior that violates our Community Guidelines.

Details: